000 00436nam a22001697a 4500
005 20160613105146.0
008 160613b xxu||||| |||| 00| 0 eng d
020 _a07-0698543-5
041 _aeng
082 _b7147
100 _aSubnahmanyam N & Lan, B
_91762
245 _aWaves and Oscillations
260 _aNew Delhi
_bVikas Publishing House (P) Ltd.
_c1994
300 _a433
650 _aDIPLOMA ENGINEERING
_9817
942 _cBK
999 _c2478
_d2477